Paesi europei senza lupi - Statistics

Statistiche generali
  • Questo quiz è stato fatto 140 volte
  • Il punteggio medio è 10 su 14
Statistiche sulle risposte
Paese senza lupo % Corretto
Città del Vaticano
89%
San Marino
87%
Islanda
80%
Irlanda
79%
Paesi Bassi
79%
Belgio
78%
Lussemburgo
78%
Regno Unito
76%
Liechtenstein
75%
Monaco
75%
Danimarca
69%
Malta
68%
Moldavia
33%
Austria
27%
Nessun quiz corrispondente trovato
Distribuzione punteggi
Percentuale di utenti per punteggio
Percentile per numero di risposta
I tuoi punteggi nel tempo
Non hai fatto questo quiz